LEADER 01121nam1-2200361---450- 001 990000865380203316 035 $a0086538 035 $aUSA010086538 035 $a(ALEPH)000086538USA01 035 $a0086538 100 $a20020110d--------km-y0ITAy01------ba 101 $aeng 102 $aGB 105 $a|||| ||||| 200 1 $a<> Twickenham edition of the Poems of Alexander Pope 210 $aLondon$cMethuen$aNew Hawen$cYale university press 215 $av.$d22 cm 312 $aTit. del dorso e dell'occhietto: The poems of Alexander Pope 517 1 $a<> poems of Alexander Pope 676 $a821.5 700 1$aPOPE,$bAlexander$0167714 801 0$aIT$bsalbc$gISBD 912 $a990000865380203316 951 $aII i A 1030$bLM$cII i A 959 $aBK 969 $aUMA 979 $aPATTY$b90$c20020110$lUSA01$h1605 979 $aPATTY$b90$c20020110$lUSA01$h1608 979 $aPATTY$b90$c20020110$lUSA01$h1619 979 $c20020403$lUSA01$h1731 979 $aPATRY$b90$c20040406$lUSA01$h1700 996 $aTwickenham edition of the Poems of Alexander Pope$9968540 997 $aUNISA